Plus gros transferts entre clubs français - Statistiques

Statistiques générales
  • Ce quiz a été pris 110 fois
    32 depuis la dernière actualisation
  • Le résultat moyen est 11 sur 20
Statistiques - réponses
Saison Valeur Club de départ Club d'arrivée Réponse % Correct
18/19 180M AS Monaco PSG Mbappé
100%
23/24 45M OL PSG Barcola
97%
24/25 50M Rennes PSG Doué
97%
25/26 40M LOSC PSG Chevalier
90%
23/24 28,5M Stade de Reims PSG Ekitiké
83%
23/24 30M MHSC RC Lens Wahi
80%
10/11 22M G. Bordeaux OL Gourcuff
60%
22/23 28M OGC Nice Stade Rennais Gouiri
57%
24/25 18,5M FC Metz OL Mikautadze
53%
23/24 22,5M FC Lorient OGC Nice Moffi
53%
22/23 20M PSG Stade Rennais Kalimuendo
50%
15/16 25M AS Monaco PSG Kurzawa
47%
19/20 25M SCO Angers OL Reine-Adélaïde
47%
24/25 27M RC Lens OM Wahi
47%
22/23 22M AS Monaco OGC Nice Diop
43%
24/25 19M Stade Rennais OM Gouiri
33%
18/19 20M OL AS Monaco Geubbels
30%
23/24 20M FC Lorient Stade Rennais Le Fée
30%
19/20 22M LOSC OL Mendes
23%
00/01 20M Stade Rennais AS Monaco Nonda
13%
Aucun quiz correspondant
Distribution des résultats
% des personnes avec chaque résultat
Percentile par nombre de réponses
Votre historique - résultats
Vous n’avez pas pris ce quiz depuis la dernière actualisation